| 000 | 00642nam a22001937a 4500 | ||
|---|---|---|---|
| 999 |
_c157812 _d157812 |
||
| 005 | 20181003113737.0 | ||
| 010 | _aENG-124157 | ||
| 020 |
_a9789386446626 _c550.00 |
||
| 035 | _aEN-107689 | ||
| 037 | _bDBAD/PUB | ||
| 082 | 0 | 0 | _a172.2 |
| 100 | _aUpadhyay, Ranvijay | ||
| 245 | 1 | 0 |
_aEthics, integrity, and aptitude in governance / _cby Ranvijay Upadhyay |
| 260 |
_aNew Delhi _bSAGE Publications, _c2018 |
||
| 270 |
_aB1/I-1 Mohan Cooperative Industrial Area, Mathura Road _bNew Delhi _e110044 |
||
| 300 |
_axviii,550p.(I-1) _c25cm.(pbk) |
||
| 500 | _aIt includes case studies and index | ||
| 942 |
_2ddc _cEN _h172.2 _mUPA |
||